Analýza príjmov zamestnancov v závislosti od vzdelania

Vzťah medzi vzdelaním a príjmami obyvateľov. Príjmy obyvateľov podľa úrovne vzdelania v Slovenskej republike a v OECD. Medzi úrovňou vzdelania a výškou príjmov existuje významná pozitívna korelácia.

Salvato in:
Dettagli Bibliografici
Autore principale: Orbánová, Darina
Natura: Capitolo di libro
Lingua:slovacco
Soggetti:
Tags: Aggiungi Tag
Nessun Tag, puoi essere il primo ad aggiungerne!!

MARC

LEADER 00000nla a2200000 4500
001 0224987
005 20240502094932.2
041 0 |a slo 
044 |a SK 
245 1 0 |a Analýza príjmov zamestnancov v závislosti od vzdelania  |c Darina Orbánová 
520 |a Vzťah medzi vzdelaním a príjmami obyvateľov. Príjmy obyvateľov podľa úrovne vzdelania v Slovenskej republike a v OECD. Medzi úrovňou vzdelania a výškou príjmov existuje významná pozitívna korelácia. 
610 2 0 |a zamestnanci 
610 2 0 |a príjmy 
610 2 0 |a vzdelanie 
610 2 0 |a úroveň vzdelanostná 
100 1 |a Orbánová, Darina